[Event "Paris Pro-Biz Cup 2018"]
[Site "Paris"]
[Date "2018.06.25"]
[Round "3.3"]
[White "MVL&Betthaeuser"]
[Black "Nakamura&Kosciusko-Morizet"]
[Result "1-0"]
[WhiteElo "2789"]
[BlackElo "2769"]
[Annotator "TA"]
[PlyCount "33"]
[EventDate "2018.06.23"]
[EventType "tourn"]
[EventCountry "FRA"]
[SourceTitle "playchess.com"]
[Source "ChessBase"]
[SourceQuality "1"]

{[%evp 13,33,22,19,0,5,-17,0,4,0,0,123,123,127,125,350,339,389,386,1770,1714,29998,29999]} 1. e4 e5 2. Nf3 Nc6 3. Bb5 {[%cal Bf1b5,Bb5a4,Ba4b3][%mdl 32]} a6 4. Ba4 Nf6 5. O-O Bc5 6. Nc3 b5 7. Bb3 O-O {LiveBook: 37 Games. C77: Ruy Lopez: 3...a6 4 Ba4 Nf6, unusual lines} 8. Re1 (8. d3 d6 9. Nd5 h6 10. c3 Rb8 11. Re1 Ba7 12. Be3 Bxe3 13. Nxe3 Re8 14. a4 b4 15. a5 bxc3 16. bxc3 {½-½ (66) Anand,V (2783)-Carlsen,M (2822) Saint Louis 2017}) 8... d6 9. d3 Re8 $146 {The position is equal.} ({Predecessor:} 9... Bg4 10. h3 Bh5 11. Nd5 Nd4 12. Nxf6+ Qxf6 13. Kf1 Nxf3 14. gxf3 Bxf3 15. Qd2 Qh4 {0-1 (15) Monzeglio,G (1460)-Greco,S (1715) Bratto 2008}) 10. Bg5 h6 11. Bh4 {Threatening Nd5.} Be6 {[#]} (11... Bg4 $11) 12. Nd5 $1 $16 g5 {[#]} 13. Nxg5 $1 {[%mdl 512]} hxg5 $2 (13... Bxd5 $16 14. Nh7 Nxh7 15. Bxd8 Bxb3) 14. Bxg5 $18 Bxf2+ 15. Kxf2 Nd4 $2 (15... Nxe4+ 16. dxe4 Qxg5 17. Nxc7 Kh8 18. Nxa8 Rxa8) 16. Bxf6 Qd7 17. Qh5 1-0

[Event "Paris Pro-Biz Cup 2018"]
[Site "Paris"]
[Date "2018.06.25"]
[Round "3.5"]
[White "Aronian&Staune"]
[Black "Kramnik&Phillipe"]
[Result "1-0"]
[WhiteElo "2764"]
[BlackElo "2787"]
[Annotator "TA"]
[PlyCount "117"]
[EventDate "2018.06.23"]
[EventType "tourn"]
[EventCountry "FRA"]
[SourceTitle "playchess.com"]
[Source "ChessBase"]
[SourceQuality "1"]

{[%evp 11,117,52,62,10,19,29,19,0,0,-16,0,-9,0,-102,0,0,9,-7,5,-97,0,-39,-6,-65,58,36,59,41,250,247,227,231,307,253,268,195,292,288,283,215,215,214,204,190,333,251,256,239,264,244,234,119,294,285,289,287,471,437,669,645,585,568,508,458,422,423,608,603,716,412,721,541,535,534,527,526,524,541,613,613,664,540,589,0,1117,1108,1043,1063,6087,918,6087,5916,5110,5110,29992,29991,29994,29995,29995,29996,29996,29995,29996,29996,29996,29993,29997,29996]} 1. e4 c5 2. Nf3 d6 3. d4 cxd4 4. Nxd4 Nf6 5. Nc3 e5 6. Bb5+ {B56: Classical Sicilian: Unusual Lines} (6. Nf3 Be7 7. Bc4 O-O 8. h3 Be6 9. Bb3 h6 10. O-O Nbd7 11. Be3 a6 12. Nh4 Bxb3 13. axb3 Nxe4 14. Nxe4 Bxh4 15. Nxd6 {½-½ (56) Chigaev,M (2578)-Hauchard,A (2550) Pardubice 2017}) 6... Nbd7 {LiveBook: 106 Games} 7. Nb3 (7. Nf5 $14) 7... a6 8. Bxd7+ $146 {The position is equal.} ({Predecessor:} 8. Be2 Be7 9. O-O O-O 10. f4 b5 11. a3 Bb7 12. Bf3 a5 13. Qd3 {0-1 (24) Degimli,D-Marx,I Kemer 2009}) 8... Bxd7 9. O-O h6 10. a4 Rc8 11. Be3 Ng4 12. Nd5 (12. Re1 $11 {remains equal.}) 12... Nxe3 ({Better is} 12... Qh4 $17 {[%csl Gg4][%cal Rh4h2]} 13. h3 Nxe3 14. Nxe3 Qxe4) 13. Nxe3 $11 Be7 14. c4 O-O 15. Nd5 (15. Nd2 $11) 15... Bc6 (15... Rxc4 $17 16. Nd2 Rd4) 16. Qd3 Bg5 (16... Bxd5 $5 17. cxd5 Qd7 $11) 17. Nd2 (17. Nc3 $11) 17... Rb8 (17... Bxd5 $15 18. cxd5 f5 $1 {[%mdl 512]}) 18. Nf3 $14 Kh8 19. b4 b5 $2 {[#]} (19... Bxd5 $14 20. Qxd5 (20. exd5 Be7 $11) 20... Be7) 20. cxb5 $1 $18 axb5 21. a5 Ra8 22. Ra2 Ra7 23. Rfa1 Qb8 (23... Be7 $142 24. Rc2 Qa8) 24. Nxg5 hxg5 25. Qh3+ Kg8 26. Rc1 Bxd5 27. exd5 f6 (27... Qb7 $142 28. Rc6 Qe7) 28. Rac2 f5 29. Rc6 g4 30. Qe3 f4 31. Qb6 ({White should play} 31. Qe4 $18) 31... Qxb6 $2 (31... Rb7 $16 32. Qa6 Ra7) 32. axb6 $16 {[%mdl 4096] Endgame KRR-KRR} ({Don't do} 32. Rxb6 $6 Rd8 $18) 32... Rb7 33. Rxd6 f3 $2 (33... Ra8 {is a better defense.} 34. Kf1 Ra6) 34. h3 g3 (34... gxh3 $142 35. Rc7 Rfb8 36. Rxb7 (36. gxf3 Rxb6 37. Rdc6 R6b7 $16) 36... Rxb7) 35. gxf3 Rxf3 36. fxg3 Rbf7 37. Rd8+ Kh7 38. Rc2 e4 (38... Rxg3+ $142 39. Kh2 Rb3) 39. Kg2 $18 e3 40. Re8 {And now d6 would win.} R3f5 (40... R3f6 $142 41. Re6 Rf5 42. Rxe3 Rxd5) 41. Rxe3 Rxd5 42. Re6 Rd4 43. Rb2 Rb7 44. h4 Rc4 45. Kh3 Rc8 46. Rd2 Rc4 47. Rb2 $2 (47. h5 $18) 47... Rc3 $2 {[%mdl 8192]} (47... Rc8 $11) 48. Ra2 Rd7 49. Ra7 Rd1 50. Re2 (50. b7 $142 Rd8 51. Ra8) 50... Rd6 51. b7 Rd8 52. Ra8 Rdd3 53. Rg2 {White mates.} Rb3 54. b8=Q Kg6 55. Qe8+ Kh6 56. Qe5 Kg6 57. Qg5+ Kf7 58. Re2 {[%cal Rg5f5]} Re3 59. Rxe3 {Precision: White = 45%, Black = 18%.} 1-0

[Event "Paris Pro-Biz Cup 2018"]
[Site "Paris"]
[Date "2018.06.25"]
[Round "3.6"]
[White "Anand&Mackart"]
[Black "Caruana&Kosciusko-Morizet"]
[Result "1-0"]
[WhiteElo "2759"]
[BlackElo "2816"]
[Annotator "TA RC"]
[PlyCount "161"]
[EventDate "2018.06.23"]
[EventType "tourn"]
[EventCountry "FRA"]
[SourceTitle "playchess.com"]
[Source "ChessBase"]
[SourceQuality "1"]

{[%evp 12,160,14,14,33,35,63,60,132,52,69,10,10,10,7,14,9,19,79,10,20,10,5,-24,22,0,20,10,54,-33,21,-25,21,0,14,-20,68,60,72,12,17,17,28,28,56,0,37,22,23,24,31,31,37,29,31,41,71,61,61,61,213,120,120,120,517,126,132,139,109,0,0,-44,-57,-61,-8,-19,0,-53,-61,-160,-109,-295,-270,-302,-194,-231,-178,-310,-192,-265,-250,-325,-44,-896,-843,-1262,-1222,-716,-186,-295,29971,29973,29974,29975,29974,29976,29982,29977,29977,29978,29978,29979,29979,29978,29978,29978,29982,29980,29984,29985,29987,29984,29984,29984,29984,29985,29985,29986,29986,29986,29985,29986,29987,29986,29987,29987,29987,29987,29987,29986,29988,29989,29989,29988,29992,29993,29993,29992,29998,29999,29999]} 1. d4 d5 2. c4 c6 3. Nc3 Nf6 4. e3 e6 5. Nf3 Bb4 6. Bd2 O-O 7. Bd3 {LiveBook: 5 Partien} Re8 {D45: Damengambit (Anti-Meraner Variante)} (7... a6 8. O-O dxc4 9. Bxc4 b5 10. Bd3 c5 11. a3 cxd4 12. axb4 dxc3 13. Bxc3 Bb7 14. Ne5 Nd5 15. Qc2 {½-½ (44) Berkes,F (2654)-Deac,B (2572) Minsk 2017}) 8. O-O dxc4 $146 ({Vorgänger:} 8... Nbd7 9. Re1 e5 10. e4 exd4 11. Nxd4 dxc4 12. Bxc4 Ne5 13. Bg5 Nxc4 14. Bxf6 Qxf6 15. Nde2 {0-1 (46) Moine,P (1890)-Fauchart,F (1641) France 2013}) 9. Bxc4 Bd7 (9... Nbd7 $14) 10. Ne5 (10. a3 $16 Be7 11. e4) 10... c5 $14 11. Re1 (11. a3 $14 Bxc3 12. Bxc3) 11... Nc6 $11 12. a3 Bxc3 13. Bxc3 Nxe5 14. dxe5 Nd5 (14... Ne4 $11) 15. Bd2 (15. Bxd5 $16 exd5 16. Qxd5) 15... Bc6 16. e4 Nb6 17. Ba2 Qd7 18. Qc1 Qd3 19. Bb1 $36 {[%mdl 2048] Weiss hat Initiative.} Qb5 20. Bg5 (20. a4 $14 Nxa4 21. Bc2) 20... Nd7 ({Günstiger ist} 20... c4 $15) 21. Rd1 h6 22. Bf4 c4 23. Ba2 Bxe4 (23... Nxe5 $11 24. a4 Qa5) 24. Bxc4 $14 Qc6 25. Bf1 (25. Rd6 $16 Qc7 26. Bxe6 Qxc1+ 27. Rxc1 Rxe6 28. Rxd7) 25... Qxc1 $11 26. Raxc1 Nb6 27. Be3 Rac8 28. Bc5 (28. Bb5 $14 Rxc1 29. Rxc1) 28... Bd5 29. f3 Na4 30. Bd4 a6 31. Kf2 Bb3 32. Re1 b5 33. Ke3 Red8 34. Rxc8 Rxc8 35. Bd3 Bc4 $2 (35... Kf8 $14) 36. Bxc4 (36. Rc1 $18 Rb8 37. Bxc4 bxc4 38. Ke4 (38. Rxc4 Nxb2 39. Rc6 a5 $16)) 36... bxc4 $18 {[%mdl 4096] Endspiel KTL-KTS} 37. Rc1 {b3! ist eine echte Drohung.} Kf8 $2 {[%mdl 8192] [#]} (37... Rc6 $16 38. b3 Nb6) 38. f4 $2 (38. b3 $1 $18 {[%mdl 512] und der Rest ist Schweigen.}) 38... Rb8 $16 39. Rxc4 Nxb2 40. Bxb2 (40. Rc6 $16) 40... Rxb2 {KT-KT} 41. Ra4 Rxg2 42. Rxa6 g5 (42... Kg8 $1 $15) 43. fxg5 Rxg5 44. a4 (44. Ra8+ $11 Kg7 45. a4) 44... Rxe5+ $15 45. Kf3 ({Lieber} 45. Kd3 $15) 45... Rd5 (45... Kg7 $142 46. a5 Kf6) 46. h3 $2 (46. a5 $17) 46... Kg7 $19 47. a5 Kf6 48. Ra8 Rd3+ 49. Kg2 (49. Ke4 $142 Rxh3 50. Kd4) 49... Rd2+ 50. Kg3 (50. Kf3 $142) 50... Ra2 51. a6 e5 $2 (51... Ra4 $19 {Weiss muss nun ...Ke5 beachten.} 52. Ra7 e5) 52. h4 $2 {[%mdl 8192]} (52. Kg4 $15) 52... Kf5 53. a7 Ra3+ 54. Kf2 f6 $2 (54... Kf4 {Und ...e4 würde nun gewinnen.} 55. Ke2 e4) 55. Ke2 (55. h5 {war erzwungen.}) 55... Kg4 $4 {[%mdl 8192] [#]} (55... h5 $19 56. Kf1 Kf4) 56. Rg8+ {Weiß setzt Matt.} Kxh4 57. a8=Q Rxa8 58. Rxa8 {KT-K3B} f5 59. Kf3 Kg5 60. Rg8+ Kf6 61. Re8 h5 62. Ke3 h4 63. Kf3 f4 64. Kg4 Kg6 65. Rxe5 {KT-KBB} Kf6 66. Rf5+ Ke6 67. Rxf4 {KT-KB} Ke5 68. Rf8 Ke6 69. Kxh4 {KT-K} Ke7 70. Ra8 Ke6 71. Kg4 Kd6 72. Rc8 Kd5 73. Kf5 Kd4 74. Ke6 Ke4 75. Rc5 Kd3 76. Ke5 Ke3 77. Rc4 Kd2 78. Ke4 Ke2 79. Rc3 Kd1 80. Ke3 Ke1 81. Rc1# {Precision: Weiß = 21%, Schwarz = 20%.} 1-0

[Event "Paris Pro-Biz Cup 2018"]
[Site "Paris"]
[Date "2018.06.25"]
[Round "4.2"]
[White "So&Roussel"]
[Black "MVL&Betthaeuser"]
[Result "1-0"]
[WhiteElo "2778"]
[BlackElo "2789"]
[Annotator "TA"]
[PlyCount "129"]
[EventDate "2018.06.23"]
[EventType "tourn"]
[EventCountry "FRA"]
[SourceTitle "playchess.com"]
[Source "ChessBase"]
[SourceQuality "1"]

{[%evp 11,129,27,20,-100,-100,-112,-22,-33,-27,-31,-18,-38,-18,-13,59,61,55,49,66,52,58,59,52,56,54,0,75,0,0,0,37,-29,4,-33,11,-84,-67,-60,0,-33,0,-29,-11,-58,-62,-143,0,0,0,-53,-58,-155,-62,-151,0,0,16,0,0,0,0,0,29997,-100,-63,-91,-74,-62,-66,-67,-12,-31,0,-68,0,-13,-2,-2,0,-164,0,0,0,0,0,-41,7,-48,33,0,219,0,16,12,29996,0,148,0,145,105,71,125,104,0,3,7,497,473,1237,1159,725,707,2389,2322,12839,2235,12841,12841,12845,12845]} 1. e4 c5 2. Nf3 Nc6 3. Nc3 e6 4. d4 cxd4 5. Nxd4 Nf6 6. Ndb5 Bb4 {LiveBook: 1214 Games} 7. Bd2 {B45: Sicilian Four Knights} (7. a3 $11 {keeps the balance.} Bxc3+ 8. Nxc3) (7. a3 Bxc3+ 8. Nxc3 d5 9. exd5 exd5 10. Bd3 O-O 11. O-O d4 12. Ne2 Bg4 13. Bg5 Qd6 14. Qd2 Bxe2 15. Qxe2 Rfe8 16. Qf3 Ne5 17. Qg3 Nh5 18. Qh3 Nxd3 19. Qxd3 Nf4 20. Bxf4 Qxf4 21. Rfe1 g6 22. g3 Qf6 23. Rad1 Rxe1+ 24. Rxe1 Rc8 25. Re4 Kg7 26. Qxd4 Qxd4 27. Rxd4 Rxc2 28. b4 {½-½ (28) Brkic,A (2598)-Martinovic,S (2589) Jahorina 2018}) 7... a6 $17 8. Na3 Bxa3 (8... d5 $17 {And now ...Bxc3 would win.} 9. Bd3 Bxc3 10. Bxc3 dxe4) 9. bxa3 $11 {The position is equal.} d5 $146 ({Predecessor:} 9... Qe7 10. a4 d5 11. Bd3 O-O 12. O-O d4 13. Ne2 e5 14. f3 {0-1 (35) Windle,N (1317)-Gabrielson,L (1581) IECC email 1999}) 10. Bd3 d4 11. Ne2 Nd7 12. O-O Nce5 (12... O-O $11) 13. Nxd4 $14 O-O 14. Bc3 Qc7 15. Qd2 b5 16. f4 Nc4 17. Bxc4 Qxc4 18. Rf3 (18. Qd3 $14) 18... Nf6 (18... Nc5 $1 $11) 19. e5 (19. Re1 $1 $16) 19... Ne4 $11 20. Qd3 Bb7 21. Re3 (21. Qxc4 $14 bxc4 22. Ba5) 21... Rac8 {[%cal Re4c3]} 22. Bb2 Rfd8 {[%mdl 1024] Black has compensation.} 23. c3 (23. Rxe4 $11 Qxd3 24. cxd3 Bxe4 25. dxe4) 23... Qd5 {White must now prevent ...Nxc3!} 24. Qe2 Rc4 (24... g6 $15) 25. Rd1 Rd7 26. Rdd3 {Threatens to win with Nb3.} Nc5 $36 {[%mdl 2048] Black fights for an advantage.} 27. Rd1 Na4 28. Rdd3 {[#]} (28. Ba1 $15) 28... Nxb2 (28... Qxg2+ $1 $17 {[%mdl 512]} 29. Qxg2 Bxg2 30. Nxb5 Rxd3 31. Rxd3 Bd5) 29. Qxb2 Qc5 30. Nb3 (30. Qd2 $11) 30... Qc7 $15 31. g3 {[#]} (31. Qd2 $15 Rxd3 32. Rxd3) 31... h5 ({Reject} 31... Qc6 $6 32. Rxd7 Qxd7 33. Qd2 $11) (31... Rxd3 $1 $17 32. Rxd3 g6) 32. Qe2 ({White should play} 32. Nd4 $15) 32... Bd5 $2 (32... Rxd3 $17 33. Rxd3 Rxc3 34. Rxc3 Qxc3) 33. Qxh5 $11 {Strongly threatening g4.} Ba8 34. Qe2 Qc6 35. Rxd7 Qxd7 36. Rd3 Qc6 $2 {[%mdl 8192]} (36... Qa7+ $11 37. Kf1 Qc7) 37. Nd4 $2 (37. Rd8+ Qe8 38. Rxe8+ Kh7 39. Qh5#) 37... Qh1+ $17 38. Kf2 Qxh2+ 39. Ke1 Qh1+ 40. Qf1 Qe4+ ({Better is} 40... Qxf1+ $15 41. Kxf1 Be4) 41. Qe2 Qh1+ 42. Qf1 Qe4+ ({Black should try} 42... Qxf1+ $15 43. Kxf1 Be4) 43. Kd2 {Hoping for Nxb5!} Bd5 44. Re3 Qg6 45. Qe2 $2 (45. Kc1 $11 {and White stays safe.}) 45... Ra4 $2 (45... Qb1 $19 46. Qd1 Qxa2+ 47. Nc2 Rc8) 46. Nc2 $11 Rc4 47. Qd3 Qh6 48. Qe2 Qg6 49. Rd3 (49. Kc1 $11) 49... Kf8 (49... Rc8 $15 50. Ne3 Bxa2) 50. Nb4 Re4 $2 (50... Be4 $1 $11 {and Black has nothing to worry.} 51. Rd8+ Ke7) 51. Re3 $2 (51. Qh2 $18) 51... Bc4 52. Qg2 Rxe3 $4 {[%mdl 8192]} (52... Bd5 $11 53. Nxd5 exd5) 53. Kxe3 $2 (53. Qa8+ {mates} Ke7 54. Nc6+ Kd7 55. Qb7+ Ke8 56. Qe7#) 53... Kg8 (53... f6 $11 {remains equal.}) 54. Qa8+ $16 Kh7 {[#]} 55. Qe4 $1 a5 56. Qxg6+ Kxg6 {[%mdl 4096] Endgame KB-KN} 57. Nc2 (57. Nc6 $16) 57... Bxa2 $11 58. Nd4 Bd5 $2 {[%mdl 8192]} (58... Bc4 $11) 59. Nxb5 $18 {White is clearly winning.} Kf5 {[#]} (59... Kh5 $142 60. Nd6 f5) 60. c4 $1 {[%mdl 512]} Ba8 (60... Bxc4 61. Nd6+) 61. Nd6+ Kg4 62. Nxf7 Kxg3 63. c5 (63. Nd8 $142 Kg4 64. c5) 63... Kg4 64. Nd8 Kf5 65. c6 {Precision: White = 30%, Black = 19%.} 1-0

[Event "Paris Pro-Biz Cup 2018"]
[Site "Paris"]
[Date "2018.06.25"]
[Round "4.3"]
[White "Karjakin&Schramm"]
[Black "Nakamura&Kosciusko-Morizet"]
[Result "1-0"]
[WhiteElo "2782"]
[BlackElo "2769"]
[Annotator "TA"]
[PlyCount "101"]
[EventDate "2018.06.23"]
[EventType "tourn"]
[EventCountry "FRA"]
[SourceTitle "playchess.com"]
[Source "ChessBase"]
[SourceQuality "1"]

{[%evp 12,100,0,0,5,2,0,7,43,25,30,-12,-2,-3,-4,-9,28,21,33,22,18,0,47,10,29,25,32,-22,-11,-50,-7,-196,-206,-226,-228,-227,-222,-272,-120,-111,-120,-114,-98,-87,64,-216,-236,-378,-376,-433,-405,-517,-513,-506,-500,-500,-491,-650,-641,-696,-643,-741,-738,-729,-735,-728,-616,-563,-530,-535,-535,-533,-533,-528,-522,-518,-514,-493,-314,-350,-314,-330,-296,-470,-432,-10003,-5620,-29980,29998,29999,29999]} 1. Nf3 d5 2. g3 Nf6 3. Bg2 Bf5 4. O-O e6 5. c4 c6 6. Qb3 Qb6 7. Nc3 {LiveBook: 8 Partien. A11: Reti-Eröffnung} (7. d3 Nbd7 8. cxd5 exd5 9. Qc2 Qc5 10. Qa4 Qb4 11. Qd1 Be7 12. a3 Qb6 13. Nc3 Bg4 14. b4 O-O {½-½ (44) Giri,A (2775)-Grischuk,A (2761) Geneva 2017}) 7... Qxb3 8. axb3 Nbd7 9. d3 {Die Stellung ist ausgeglichen.} Bb4 10. Be3 a6 $146 ({Vorgänger:} 10... Bc5 11. Na4 Bxe3 12. fxe3 {½-½ (44) Mertin,F (1666)-Didt,H (1885) Leipzig 2013}) 11. Na2 Bd6 12. Nh4 Bg4 {[%cal Bf5g4,Bg4h5,Bh5g6,Bg6h7][%mdl 32]} 13. Rfe1 O-O 14. h3 Bh5 15. g4 Bg6 $1 16. f4 Bc5 17. Bf2 Bxf2+ 18. Kxf2 h6 19. Bf3 (19. cxd5 $14 Nxd5 20. Bxd5 exd5 21. b4) 19... Bh7 $11 20. Nc3 Rfd8 21. e4 $2 (21. g5 $11 {und Weiss steht sicher.} hxg5 22. fxg5) 21... Nc5 $19 22. Red1 dxe4 23. Bxe4 Bxe4 ({Auf keinen Fall} 23... Nxb3 24. Bxh7+ Kxh7 25. Ra3 $17) 24. dxe4 Nfxe4+ ({Schwächer ist} 24... Ncxe4+ 25. Ke3 $17) (24... Nxb3 $19 {und Schwarz behält klar die Oberhand.} 25. Rxd8+ Rxd8) 25. Nxe4 $17 Nxe4+ 26. Ke3 Nf6 (26... Nc5 {keeps more tension.} 27. b4 Nb3 28. Rab1 a5 29. Rxd8+ Rxd8 30. bxa5 Nxa5 31. b3 c5) 27. Nf3 b5 $2 (27... Kf8 $17) 28. Rxa6 $2 {[%mdl 8192] [#]} (28. Rxd8+ $14 {behält die Oberhand.} Rxd8 29. Rxa6) 28... Nd5+ $1 $19 {[%mdl 512]} 29. cxd5 (29. Rxd5 $142 exd5 30. Rxa8 Rxa8 31. cxd5 Re8+ 32. Kd4) 29... Rxa6 {[%mdl 4096] Endspiel KTT-KTS} 30. d6 f6 31. g5 hxg5 32. fxg5 c5 33. d7 Ra7 34. g6 Raxd7 35. Rc1 Rd5 36. h4 Rd3+ 37. Ke2 Rxb3 38. Rxc5 e5 39. Rc2 e4 40. Nd2 Rh3 41. Nxe4 Rxh4 42. Kf3 Rh6 43. Rc5 Rb8 44. b4 f5 45. Nd6 Rxg6 46. Nxf5 {beabsichtigt Se7+.} Rf8 47. Ke4 (47. Rxb5 $142 Kh8 48. Kf4) 47... Rg4+ 48. Ke5 (48. Kd3 $142 Rxb4 49. Kc3 Rc4+ 50. Rxc4 bxc4 51. Nd4) 48... Rg5 49. Ke6 Rg4 $4 {[%mdl 8192] [#]} (49... Rf6+ {und alles wird gut.} 50. Ke7 Rgxf5 51. Rc8+ Rf8 52. Rc3 R8f7+ 53. Ke6 R7f6+ 54. Ke7 Rf4 55. Rc8+ Kh7 56. Rc2 Rxb4 57. Rh2+ Kg8 58. Rd2 Ra4 59. Rd8+ Kh7 60. Rd7 Kg6 61. Rd1 b4 62. Rg1+ Kf5 63. Rf1+ Ke4 64. Re1+ Kd3 65. Rd1+ Ke2 66. Rd5 b3 67. Re5+ Kd2 68. Rd5+ Kc3 69. Rc5+ Kd4 70. Rc1 Ra7+ 71. Ke8 b2 72. Rg1 Rh6 73. Rd1+ Kc4 74. Rd7 b1=Q 75. Rxa7 Qb8+ 76. Kf7 Qxa7+ 77. Kg8 Rh5 78. Kf8 Rh8#) 50. Ne7+ Kh7 51. Rh5# {Precision: Weiß = 33%, Schwarz = 53%.} 1-0

[Event "Paris Pro-Biz Cup 2018"]
[Site "Paris"]
[Date "2018.06.25"]
[Round "4.5"]
[White "Kramnik&Phillipe"]
[Black "Anand&Mackart"]
[Result "1-0"]
[WhiteElo "2787"]
[BlackElo "2759"]
[Annotator "TA"]
[PlyCount "71"]
[EventDate "2018.06.23"]
[EventType "tourn"]
[EventCountry "FRA"]
[SourceTitle "playchess.com"]
[Source "ChessBase"]
[SourceQuality "1"]

{[%evp 9,71,0,0,-10,7,-32,-37,-41,-13,-23,-22,-93,-85,-83,-93,-103,-31,-44,-35,-68,-68,-223,-118,-202,-193,-193,0,0,54,58,68,76,75,79,109,114,116,123,227,211,217,224,200,217,172,118,206,175,303,303,318,328,689,679,1252,1247,1193,1158,2966,2876,6000,3358,29988,29989]} 1. e4 e5 2. Bc4 Nf6 3. d3 Bc5 4. h3 d6 5. Nc3 O-O (5... c6 6. Bb3 O-O 7. Qf3 b5 8. Nge2 a5 9. a3 Be6 10. g4 Bxb3 11. cxb3 Ne8 12. Ng3 Na6 13. Nf5 {½-½ (40) Morozevich,A (2750)-Anand,V (2788) Moscow 2009}) 6. Nf3 {C27: Vienna Game: 2...Nf6 3 Bc4 Nxe4} a6 7. Be3 (7. O-O {is more complex.} h6 8. a4 Nc6 9. Bd2 a5 10. Ne2) 7... Bxe3 8. fxe3 {Black is slightly better.} Nc6 {[%cal Bb8c6,Bc6a5,Ba5c4][%mdl 32]} 9. Qd2 $146 ({Predecessor:} 9. O-O b5 10. Bb3 Be6 11. Qe1 Qd7 12. Rd1 h6 13. a3 Bxb3 14. cxb3 {½-½ (68) Liewer,M (1959)-Wimmer,R (1922) GER email 2012}) 9... Na5 10. O-O-O (10. Bb3 $11) 10... Nxc4 $17 11. dxc4 {[#]} b5 $1 {[%mdl 512]} 12. Nxe5 (12. cxb5 axb5) 12... Be6 (12... b4 $17 13. Ne2 Qe8) 13. Nc6 $15 Qe8 14. Nd4 {[%cal Rc4b5]} Bxc4 {...b4 is the strong threat.} 15. b3 $2 (15. Nf5 $1 $15) 15... Be6 (15... b4 $19 16. Nb1 Bb5) 16. Nf3 (16. e5 $17 dxe5 17. Nxe6 fxe6 18. Rhf1) 16... b4 $19 17. Nd5 Qd8 $2 (17... Nxe4 18. Nxc7 Qc6 19. Qd3) (17... Bxd5 $19 18. exd5 a5) 18. Qxb4 $11 Bxd5 ({Better is} 18... c5 $11 19. Nxf6+ Qxf6) 19. exd5 $14 Re8 20. Rhe1 a5 21. Qc4 $36 {[%mdl 2048] Keeping Black busy.} Qd7 22. e4 a4 23. b4 Reb8 (23... Qd8 $16 24. a3 Nh5) 24. a3 $18 Re8 25. e5 dxe5 26. Nxe5 (26. Rxe5 $6 Rxe5 27. Nxe5 Qe7 $16) 26... Qf5 {[#]} 27. Nc6 ({Don't take} 27. Qxc7 $6 Nxd5 28. Qc5 (28. Rxd5 Rac8 $11) 28... Nf4 $14) ({White should try} 27. d6 $1 $18 cxd6 28. Qxf7+ (28. Nxf7 d5 $17) 28... Kh8 29. Nf3 (29. Nd3 Qg5+ 30. Kb2 Ne4 $16)) 27... Qg5+ (27... Ne4 $16 {was necessary.}) 28. Kb1 Qxg2 (28... Rxe1 {was called for.} 29. Rxe1 Qxg2) 29. Ne7+ Kh8 30. Qxc7 Ne4 $2 (30... Qxh3 31. Kb2 Qh4) 31. d6 {[%cal Bd5d6,Bd6d7][%mdl 32]} Red8 32. d7 Nd2+ 33. Kb2 {Hoping for Nc8.} Ne4 34. Nc6 Qf3 35. Rxe4 Qxe4 36. Nxd8 {Precision: White = 48%, Black = 28%.} 1-0

[Event "Paris Pro-Biz Cup 2018"]
[Site "Paris"]
[Date "2018.06.25"]
[Round "4.6"]
[White "Mamedyarov&Bertola"]
[Black "Caruana&Kosciusko-Morizet"]
[Result "1-0"]
[WhiteElo "2808"]
[BlackElo "2816"]
[Annotator "TA"]
[PlyCount "95"]
[EventDate "2018.06.23"]
[EventType "tourn"]
[EventCountry "FRA"]
[SourceTitle "playchess.com"]
[Source "ChessBase"]
[SourceQuality "1"]

{[%evp 10,94,30,6,68,65,77,58,74,78,64,28,106,101,93,60,217,209,209,191,189,188,231,208,204,109,122,100,228,220,228,229,213,219,214,207,300,243,216,229,205,123,122,-127,258,239,302,304,302,297,299,292,292,292,666,662,890,877,971,965,956,922,919,886,1887,1960,1977,1926,1657,1474,5617,3018,12839,12839,12847,12848,29992,29993,29993,29994,29996,29997,29998,29998,29998,29999,29999]} 1. e4 c5 2. Nf3 Nc6 3. Bb5 g6 4. O-O Bg7 5. c3 e5 6. Re1 {LiveBook: 168 Games. B31: Sicilian: 2...Nc6 3 Bb5 g6} (6. Na3 Nge7 7. Nc4 d5 8. exd5 Qxd5 9. d3 O-O 10. Re1 Kh8 11. h3 f6 12. a4 Be6 13. a5 Rad8 14. Be3 g5 15. Ncd2 {½-½ (34) Romanov,E (2641)-Kovalev,V (2562) Gjakova 2016}) 6... Nf6 (6... Nge7 $11) 7. d4 $14 exd4 8. cxd4 {White is better.} cxd4 9. e5 $146 ({Predecessor:} 9. Bf4 O-O 10. Bd6 Re8 11. e5 Ng4 12. Bxc6 dxc6 13. Qxd4 Bf8 14. h3 Nh6 15. Nc3 Qd7 16. Rad1 b6 17. Qh4 Qd8 18. g4 Be6 19. Ne4 Bxa2 20. Nf6+ {1-0 (20) Novikov,M (2434)-Biriukov,I (2281) Tula 2004}) 9... Nd5 10. Nxd4 O-O {[#]} (10... Nxd4 $11 {keeps the balance.} 11. Qxd4 Qa5) 11. Nf3 $1 $36 {[%mdl 2048] White is on the roll.} Nc7 12. Bc4 Re8 $2 (12... d6 $14) 13. Bg5 $18 Ne7 14. Nc3 h6 15. Bf6 Bxf6 16. exf6 Nf5 17. Ne5 (17. Rxe8+ $18 Nxe8 18. Qb3) 17... d5 $16 18. Nxd5 Nxd5 (18... Be6 $16) 19. Bxd5 $18 ({Don't do} 19. Qxd5 $6 Be6 $16) 19... Be6 20. Bxb7 Qxd1 21. Raxd1 Rab8 22. Bc6 Rec8 (22... Red8 {was necessary.} 23. b3 Nd4) 23. b3 Rb6 24. Bd7 Rc2 25. Nxg6 Bxd7 26. Ne7+ $2 (26. Rxd7 $16 {is necessary to keep the advantage.} Rxf6 27. Nf4) 26... Kh7 $2 {[%mdl 8192]} (26... Nxe7 $17 {and life is bright.} 27. fxe7 Re6) 27. Rxd7 Rxf6 28. Nd5 Re6 {[%cal Re6e1] [#]} 29. Kf1 (29. Rxf7+ $2 Kg8 $17) 29... Rxe1+ 30. Kxe1 Rxa2 31. Rxf7+ {[%mdl 4096] Endgame KRN-KRN} Kg6 $2 (31... Ng7 32. Nf4 Ra6) 32. Rf6+ Kg5 {If Black can now play ...Ra1+ this consolidates a bit.} 33. f4+ Kg4 34. h3+ Kg3 35. Rxf5 Rxg2 {KRN-KR} 36. Rf6 Rg1+ 37. Ke2 {Threatening mate with Rg6+.} Rb1 38. b4 Rb2+ 39. Ke3 h5 40. f5 Kxh3 41. Rg6 Rb1 42. f6 {White wants to mate with f7.} Rd1 43. f7 {White mates.} Rf1 44. Nf4+ Kh4 45. f8=Q {[%cal Rf8f6]} Rf3+ 46. Ke2 {[%cal Rf8f6]} Rf2+ 47. Kxf2 {[%cal Rf8f6]} a6 48. Qe7# {Precision: White = 56%, Black = 41%.} 1-0